| 000 | 003200000a22001330004500 | ||
|---|---|---|---|
| 003 | MACL | ||
| 040 | _aMACL | ||
| 090 |
_c37815 _d37813 |
||
| 100 | _aHarcus, William | ||
| 245 |
_aSouth Australia _bIts History Resources and Productions |
||
| 260 |
_bSearle & Rivington _c1876 |
||
| 650 | _aHistory | ||
| 942 |
_cBOOK _k994/HAR |
||
| 999 |
_c37412 _d37412 |
||